El gráfico didáctico (Registro nro. 70910)

Detalles MARC
001 - NÚMERO DE CONTROL
campo de control 129158
005 - FECHA Y HORA DE LA ÚLTIMA TRANSACCIÓN
campo de control 20240201125720.0
008 - DATOS DE LONGITUD FIJA--INFORMACIÓN GENERAL
campo de control de longitud fija 970610e19961101 spa
035 ## - NÚMERO DE CONTROL DEL SISTEMA
Número de control de sistema 129158
035 ## - NÚMERO DE CONTROL DEL SISTEMA
Número de control de sistema (OCoLC)819751300
040 ## - FUENTE DE LA CATALOGACIÓN
Centro/agencia transcriptor comduadb
041 ## - CÓDIGO DE LENGUA
Código de lengua del texto/banda sonora o título independiente spa
100 10 - ENTRADA PRINCIPAL--NOMBRE DE PERSONA
Nombre de persona Ríos Castrillón, Fabián
Código de función aut
Término indicativo de función/relación Autor/a
9 (RLIN) 478035
245 13 - MENCIÓN DE TÍTULO
Título El gráfico didáctico
650 ## - PUNTO DE ACCESO ADICIONAL DE MATERIA--TÉRMINO DE MATERIA
Término de materia o nombre geográfico como elemento de entrada Diseño gráfico
9 (RLIN) 231
773 0# - ENLACE AL DOCUMENTO FUENTE/ENTRADA DE REGISTRO ANFITRIÓN
Título Revista Facultad de Ingeniería (Medellín)
Parte(s) relacionada(s) Número 03, Noviembre 1996, p. 70-73
Número de control del registro 120998
Número Internacional Normalizado para Publicaciones Seriadas 0120-6230
Número bibliográfico anfitrión 67890
942 ## - ELEMENTOS DE ENTRADA AGREGADA (KOHA)
Tipo de ítem Koha Artículo de Revista

No hay ítems disponibles.